00454nam a2200157Ia 4500020001800000082002200018100001500040245005200055260004300107300001500150504004400165650001800209650002800227650000900255650003200264 a9788190781213 a627.4095416 KAR-; aKar, Manik 0aBrahmaputra: floods and its preventive measures aGuwahatibEBH Publishers (India)c2012 axxiii, 374 aincludes appendix, index and references aFLOOD CONTROL aFLOOD DAMAGE PREVENTION aASIA aBRAHMAPUTRA RIVER WATERSHED